|
|
|
|
| LEADER |
00000nab a2200000 4500 |
| 005 |
20170201155032.0 |
| 008 |
150806b2002 cr f|||| |||| 00| 0 spa d |
| 999 |
|
|
|c 2776
|d 2776
|
| 090 |
|
|
|a REVIS 06.02.01
|
| 100 |
1 |
|
|9 734
|a Monge Alvarado, María de los Ángeles
|
| 245 |
1 |
0 |
|a Instrumentos de evaluación del desarrollo motor /
|c María de los Ángeles Monge Alvarado, Maureen Menesses Montero
|
| 260 |
|
|
|a San José, Costa Rica :
|b Editorial Universidad de Costa Rica,
|c 2002
|
| 300 |
|
|
|a páginas 155-168
|
| 520 |
|
|
|a La evaluación de nuestros niños preescolares y durante el primer ciclo en el campo del desarrollo motor ha generado cuestionamientos importantes en los últimos años. Ya que se concibe como elemento de educación formal y como auspiciador de conocimiento de la integralidad del ser humano. La evaluación genera ese conocimiento a través de la medición, que es la que permite (como proceso) resumir informaciones que facilitan la comprensión de los fenómenos y etapas del desarrollo de niños y niñas, es este caso, costarricenses. Sobre todo se busca evaluar la motricidad para conocer características, potencialidades y debilidades del desarrollo y hacer las intervenciones oportunas en los ciclos de transición en primaria. Se resumen 25 test, escalas o pruebas, en ellas se describen brevemente las habilidades a evaluar, edades y género, así como la referencia bibliográfica respectiva. De esta forma el docente (de educación física o regular) cuenta con una guía que le va a posibilitar inicialmente y a corto plazo posibilidades de diagnóstico del desarrollo motor de sus alumnos y alumnas
|
| 650 |
1 |
4 |
|9 1
|a EDUCACIÓN
|
| 700 |
1 |
|
|9 97
|a Meneses Montero, Maureen
|
| 773 |
0 |
|
|d San José, Costa Rica : Editorial de la Universidad de Costa Rica, 1997-
|o R0060
|t EDUCACIÓN: Revista de la Universidad de Costa Rica
|g Vol.26, no.1 (2002)
|
| 942 |
|
|
|h REVIS 06.02.01
|2 z
|c 10
|